Geología de los cuadrángulos de Puemape, Chocope, Otuzco, Trujillo, Salaverry y Santa: (Registro nro. 4098)
[ vista simple ]
| 000 -INDICADOR | |
|---|---|
| Campo de control de longitud fija | 01169nam a2200337Ia 4500 |
| 003 - IDENTIFICADOR DE NRO. DE CONTROL | |
| Campo de control | OSt |
| 005 - FECHA Y HORA DE LA ÚLTIMA TRANSACCIÓN | |
| Campo de control | 20200219101434.0 |
| 008 - CAMPOS DE LONGITUD FIJA INFORMACIÓN GENERAL | |
| Campo de control de longitud fija | 180305s1967||||pe aabbfr|||||||| ||sp |d |
| 040 ## - CÓDIGO DE CATALOGADOR | |
| Centro catalogador de origen | peliigp |
| Lengua de catalogación | spa |
| Centro transcriptor | peliigp |
| 041 ## - CÓDIGO DE IDIOMA | |
| Código de idioma(s) de texto | spa |
| 082 04 - SISTEMA DE CLASIFICACION DECIMAL DEWEY | |
| Número de clasificación Dewey | 551/BA/17 |
| 100 1# - ASIENTO PRINCIPAL--AUTOR PERSONAL | |
| 9 (RLIN) | 3014 |
| Apellido(s), nombre(s) | Cossío N., Aurelio. |
| Término de relación | autor |
| 245 10 - TÍTULO PROPIAMENTE DICHO | |
| Título | Geología de los cuadrángulos de Puemape, Chocope, Otuzco, Trujillo, Salaverry y Santa: |
| Sub-titulo | hojas 16-d, 16-e, 16-f, 17-e, 17-f, 18-f |
| 260 ## - PUBLICACIÓN, DISTRIBUCIÓN, ETC. (PIE DE IMPRENTA) | |
| Lugar de pubicación, distribución, etc. | Lima: |
| Nombre del editor, distribuidor | Servicio de Geología y Minería, |
| Fecha de publicación, distribución, etc. | 1967 |
| 300 ## - DESCRIPCIÓN FISICA | |
| Extensión de la obra | 141 páginas: |
| Características físicas | ilustraciones, mapas; |
| Dimensiones | 25 cm. + 4 mapas a color plegable |
| 500 ## - NOTA GENERAL | |
| Nota general | Cuadrángulos ubicados en los departamentos de La La Libertad y Ancash. |
| 504 ## - NOTA BIBLIOGRÁFICA | |
| Nota de bibliografía, etc. | Incluye referencias bibliográficas: página 107. |
| 650 14 - ASIENTO SECUNDARIO DE MATERIA--TÉRMINO GENERAL | |
| 9 (RLIN) | 287 |
| Termino Temático | GEOLOGÍA |
| 651 #4 - ASIENTO SECUNDARIO DE MATERIA--NOMBRE GEOGRÁFICO | |
| Nombre geográfico | PUEMAPE |
| 651 #4 - ASIENTO SECUNDARIO DE MATERIA--NOMBRE GEOGRÁFICO | |
| Nombre geográfico | CHOCOPE |
| 651 #4 - ASIENTO SECUNDARIO DE MATERIA--NOMBRE GEOGRÁFICO | |
| Nombre geográfico | OTUZCO |
| 651 #4 - ASIENTO SECUNDARIO DE MATERIA--NOMBRE GEOGRÁFICO | |
| Nombre geográfico | TRUJILLO |
| 651 #4 - ASIENTO SECUNDARIO DE MATERIA--NOMBRE GEOGRÁFICO | |
| Nombre geográfico | SALAVERRY |
| 651 #4 - ASIENTO SECUNDARIO DE MATERIA--NOMBRE GEOGRÁFICO | |
| Nombre geográfico | LA LIBERTAD |
| 651 #4 - ASIENTO SECUNDARIO DE MATERIA--NOMBRE GEOGRÁFICO | |
| Nombre geográfico | SANTA |
| 651 #4 - ASIENTO SECUNDARIO DE MATERIA--NOMBRE GEOGRÁFICO | |
| Nombre geográfico | ANCASH |
| 700 1# - ASIENTO SECUNDARIO--NOMBRE PERSONAL | |
| 9 (RLIN) | 3006 |
| Apellidos y nombres | Jaén La Torre, Hugo |
| Término indicativo de la función | autor |
| 710 2# - ASIENTO SECUNDARIO--NOMBRE CORPORATIVO | |
| 9 (RLIN) | 3052 |
| Nombre de la entidad o de la jurisdicción | Servicio de Geología y Minería |
| 910 ## - DATOS DE OPCIÓN DE USUARIO | |
| Catalogador | phc |
| 942 ## - ELEMENTOS DE ENTRADA AGREGADOS (KOHA) | |
| Tipo de item | Libros |
| Source of classification or shelving scheme | Dewey Decimal Classification |
| Retirado | Perdido | Tipo de clasificación | Nivel de Daño | No es para préstamos | Colección | Ubicación permanente | Ubicación actual | Préstamo | Total préstamos | Signatura topográfica completa | Código de barras | Visto por última vez | Precio efectivo desde | Tipo de Item |
|---|---|---|---|---|---|---|---|---|---|---|---|---|---|---|
| Dewey Decimal Classification | Colección Bibliográfica | Mayorazgo | Mayorazgo | 06/03/2018 | 551/BA/17 | 0001796 | 06/03/2018 | 06/03/2018 | Libros |